[Event "China zt 3.5"]
[Site "Shaoxing"]
[Date "2021.05.25"]
[Round "3"]
[White "Peng, Hongchi"]
[Black "Cao, Qingfeng"]
[Result "1-0"]
[WhiteElo "2398"]
[BlackElo "1514"]
[PlyCount "95"]
[EventDate "2021.05.23"]
[EventType "swiss"]
[EventRounds "9"]
[EventCountry "CHN"]
[SourceTitle "CBM 202 Extra"]
[Source "ChessBase"]
[SourceDate "2021.07.31"]
[SourceVersion "1"]
[SourceVersionDate "2021.07.31"]
[SourceQuality "1"]

1. e4 c6 2. Nc3 d5 3. Nf3 dxe4 4. Nxe4 Bg4 5. h3 Bh5 6. Ng3 Bxf3 7. Qxf3 Nf6 8. Bc4 e6 9. d3 Nbd7 10. Qe2 Bd6 11. Ne4 Nxe4 12. dxe4 0-0 13. 0-0 Qe7 14. a3 b5 15. Ba2 Rab8 16. f4 c5 17. c4 b4 18. e5 Bc7 19. Bb1 a5 20. Re1 g6 21. b3 Rfd8 22. Qf3 Bb6 23. Be3 Rbc8 24. Bf2 Nb8 25. axb4 axb4 26. Be4 Qe8 27. Bb7 Rc7 28. Ra8 Nc6 29. Rxd8 Nxd8 30. Be4 Nc6 31. Ra1 Nd4 32. Bxd4 cxd4 33. Ra8 Rc8 34. Ra6 Qd8 35. Kh2 Kg7 36. g4 Rc5 37. Kg2 Ra5 38. Rxa5 Bxa5 39. c5 Qe7 40. c6 Qc5 41. h4 Bc7 42. h5 Qc1 43. Kh3 g5 44. fxg5 Bxe5 45. c7 Qxc7 46. h6+ Kh8 47. Bd3 Kg8 48. Be4 1-0

[Event "China zt 3.5"]
[Site "Shaoxing"]
[Date "2021.05.23"]
[Round "1"]
[White "Peng, Hongchi"]
[Black "Kong, Xiangrui"]
[Result "0-1"]
[WhiteElo "2398"]
[BlackElo "1815"]
[PlyCount "112"]
[EventDate "2021.05.23"]
[EventType "swiss"]
[EventRounds "9"]
[EventCountry "CHN"]
[SourceTitle "CBM 202 Extra"]
[Source "ChessBase"]
[SourceDate "2021.07.31"]
[SourceVersion "1"]
[SourceVersionDate "2021.07.31"]
[SourceQuality "1"]

1. e4 e6 2. Qe2 Be7 3. g3 d5 4. e5 Nh6 5. Nf3 c5 6. Bg2 Nc6 7. d3 Nf5 8. 0-0 b5 9. c3 h5 10. h4 a5 11. Na3 Ba6 12. Nc2 g6 13. Bd2 Qc7 14. b3 b4 15. c4 dxc4 16. dxc4 Bb7 17. a3 0-0 18. a4 Rad8 19. Rad1 Rd7 20. Bf4 Rfd8 21. Rfe1 Kf8 22. Bc1 Ke8 23. Bb2 Nb8 24. Kf1 Rxd1 25. Rxd1 Rxd1+ 26. Qxd1 Nd7 27. Qe2 Bf8 28. Nce1 Bh6 29. Nd3 Bc6 30. Bh3 Qb7 31. Nde1 Ne7 32. Nd2 Bxd2 33. Qxd2 Bxa4 34. Bg2 Bc6 35. f3 a4 36. bxa4 Qa6 37. Kf2 Qxc4 38. Bf1 Qa2 39. Nd3 Nd5 40. Bc1 Qxd2+ 41. Bxd2 Bxa4 42. g4 Bb5 43. gxh5 gxh5 44. f4 Bxd3 45. Bxd3 N7b6 46. f5 c4 47. Be4 c3 48. Bg5 b3 49. fxe6 fxe6 50. Ke2 Nb4 51. Kd1 Nc4 52. Bf4 c2+ 53. Bxc2 bxc2+ 54. Ke2 Na2 55. Kd3 Na3 56. Ke4 Kf7 0-1